000 00881nam a2200277 i 4500
001 000032382
003 DO-SdBNP
005 20251030104619.0
007 ta
008 091021s1975 dr a r 000 f spa d
040 _aDO-SdBNP
_bspa
_cBNPHU
_erda
041 _aspa
082 4 _aRD863.44
_bM896c
_222
100 1 _a Moscoso Puello, F. E.,
_q (Francisco Eujenio)
_d1885-1959
_eautor
_4aut.
_958361
245 1 0 _aCañas y bueyes /
_cFrancisco Moscoso Puello.
264 1 _aSanto Domingo :
_bAmigo del Hogar,
_c1975.
300 _a257 páginas :
_bilustraciones ;
_c22 cm.
336 _atexto
_btxt
_2rdacontent
337 _asin mediación
_bn
_2rdamedia
338 _avolumen
_bnc
_2rdacarrier
590 _aInventariado, 2020/BT
650 4 _aNovela dominicana
_9223
650 4 _aLiteratura dominicana.
_967
910 _aValidado. Control de calidad MFF
942 _2ddc
_cLBS1
999 _c31873
_d31873